00217nam a2200097Ia 4500008004100000041000800041082000800049100001700057245001900074260002600093231212s1977 xx 000 0 und d aeng a621 aPoezija G.K. aThe Amber Lyre aMascowbMir Pubc1977